000 00486nam a2200193Ia 4500
005 20250923145238.0
008 008 250917s9999 xx 000 0 eng d
037 _aTextual
040 _aDSWL
_beng
_cDSWL
041 _aeng
_2eng
084 _qDSWL
245 0 _aChanging Services for changing clients
260 _aNew York
_b Columbia University Press
_c1969
300 _a525p.
365 _aUSD
_b3
925 _g3
942 _cTEXL
999 _c1448914
_d1448914